Thermodynamics

Covers the basic principles of thermodynamics while presenting a wealth of real-world engineering examples so students get a feel for how thermodynamics is applied in engineering practice. This text helps students develop an intuitive understanding by emphasizing the physics and physical arguments.

Saved in:
Bibliographic Details
Main Author: Faires, Virgil Moring
Format: Book
Language:Undetermined
Published: New York Macmillan 1970
Subjects:
Tags: Add Tag
No Tags, Be the first to tag this record!
Institutions: Trung tâm Học liệu Trường Đại học Cần Thơ
LEADER 00809nam a2200193Ia 4500
001 CTU_219433
008 210402s9999 xx 000 0 und d
082 |a 536.7 
082 |b F163 
100 |a Faires, Virgil Moring 
245 0 |a Thermodynamics 
245 0 |c Virgil Moring Faires 
260 |a New York 
260 |b Macmillan 
260 |c 1970 
520 |a Covers the basic principles of thermodynamics while presenting a wealth of real-world engineering examples so students get a feel for how thermodynamics is applied in engineering practice. This text helps students develop an intuitive understanding by emphasizing the physics and physical arguments. 
650 |a Thermodynamics,Nhiệt động lực học 
904 |i Hải 
980 |a Trung tâm Học liệu Trường Đại học Cần Thơ